| 000 | 00440nam a22001937a 4500 | ||
|---|---|---|---|
| 005 | 20231011160355.0 | ||
| 008 | 231011b |||||||| |||| 00| 0 eng d | ||
| 020 | _a0421680709 | ||
| 082 |
_a349.42 _bBRO |
||
| 100 | _aBrown, W. J. | ||
| 245 | _aGCSE law | ||
| 250 | _a7th ed. | ||
| 260 |
_aLondon _bSweet & Maxwell _c2001 |
||
| 300 | _a285 | ||
| 500 | _aIndex Given. | ||
| 650 | _aLAW | ||
| 700 | _aW. J Brown | ||
| 942 |
_iBook _6BOOK |
||
| 999 |
_c33862 _d33862 |
||